| 000 | 00704nam a22002417a 4500 | ||
|---|---|---|---|
| 005 | 20170124110012.0 | ||
| 010 | _aA-408457 | ||
| 020 | _c00.00 | ||
| 035 | _aA-408457 | ||
| 037 | _bCen Lib/Ret | ||
| 040 |
_aDPL _bEN |
||
| 082 |
_a330.182 _bMAH |
||
| 100 |
_aMahesh Chand _917986 |
||
| 245 |
_aEconomic theory : _cby Mahesh Chand [and] Vinod Anand _ba mathematical approach / |
||
| 260 |
_aAllaahabad _bKitab Mahal _c1981 |
||
| 270 |
_a15,Thornhill road _bAllaahabad |
||
| 300 |
_axii,260p. _c20cm(Hb) |
||
| 500 | _aIncludes index | ||
| 650 |
_aEconomics _917987 |
||
| 650 |
_aEconomics, Mathematical _917988 |
||
| 700 |
_aAnand,Vinod _917989 |
||
| 942 |
_2ddc _cEN _h330.182 _mMAH |
||
| 999 |
_c126614 _d126614 |
||